| 000 | 00423pab a2200145 454500 | ||
|---|---|---|---|
| 008 | 180718b2005 xxu||||| |||| 00| 0 eng d | ||
| 100 | _aAgarwala, Tanuja | ||
| 245 | _aThe future is not what it used to be: some reflections on management education | ||
| 260 | _c2005 | ||
| 300 | _ap.11-25. | ||
| 362 | _aJul-Sep | ||
| 650 | _aManagement education | ||
| 773 | _aIndian Journal of Training and Development | ||
| 909 | _a67697 | ||
| 999 |
_c67697 _d67697 |
||